Statistics for Premier League 22/23

Click here to take the quiz!

General Stats

  • This quiz has been taken 36 times
  • The average score is 18 of 20

Answer Stats

Answer% Correct
Manchester City
100%
Manchester United
100%
Arsenal
97%
Chelsea
97%
Liverpool
97%
Aston Villa
91%
Leicester
91%
Brentford
88%
Brighton
88%
Everton
88%
Fulham
88%
Tottenham
88%
West Ham
88%
Leeds
84%
Newcastle
84%
Bournemouth
81%
Crystal Palace
81%
Southampton
81%
Wolves
81%
Nottingham Forest
78%

Score Distribution

Percentile by Number Answered

Percent of People with Each Score

Your Score History

You have not taken this quiz